20 największych jezior Polski. - Statystyki

Ogólne statystyki
  • Ten quiz został rozwiązany 70 razy
  • Średni wynik to 9 z 20
Statystyki odpowiedzi
Powierzchnia (km2) Jezioro Nr. % Poprawnych
113 Śniardwy 1
100%
102 Mamry 2
93%
71 Łebsko 3
74%
32 Jeziorak 6
72%
21 Gopło 10
69%
21 Wigry 11
64%
54 Dąbie 4
61%
26 Niegocin 7
54%
22 Jamno 9
52%
24 Gardno 8
51%
35 Miedwie 5
48%
18 Drawsko 13
44%
18 Roś 12
18%
14 Wdzydze 19
18%
18 Nidzkie 15
16%
17 Wielimie 16
16%
14 Druzno 20
15%
17 Bukowo 17
13%
15 Rajgrodzkie 18
5%
18 Tałty Ryńskie 14
5%
Nie znaleziono quizów pasujących do podanych kryteriów
Rozkład punktacji
Procent ludzi z każdym wynikiem
Percentyl według liczby udzielonych odpowiedzi
Twoja historia wyników
Nie rozwiązałeś tego quizu